00661nam a2200193Ia 4500008004100000020001300041082001200054100002300066245004900089250000800138260007000146300002800216500001900244600003300263650001600296942000700312952013100319999001700450240925s9999 xx 000 0 und d a70473765 a511 LIP aLipschutz, Seymour 0a2000 Solved Problems in Discrete Mathematics a1st aNew Delhi:bMcGraw Hill Education (India) Private Limitedc,2002. axiv,647p.bNAfOriginal aIncludes Index aHumanities & Natural Science aMathematics cBK 001040708HUMaUITUbUITUd2018-12-25eBismillah BookDepotg1580.00l0o511 LIPpQ12683r2024-09-25 07:16:35w2024-09-25yBK c15182d15182